000 00821nam a2200277 i 4500
003 DO-SdBNP
005 20260413114731.0
007 ta
008 210922b 2017 dr 00| 0 eng d
020 _a9789945088816
040 _aDo-SdBNP
_bspa
_cBNPHU
_erda
041 _aspa
082 4 _aRD863.44
_bC571c
_222
100 1 _aCiprián Ogando, Cornelio,
_d1959-
_928839
_4aut.
_eautor
245 1 _aCuentos cigotos /
_cCornelio Ciprián Ogando
264 _aSanto Domingo :
_bEditora Portorreal,
_c2017.
300 _a126 páginas ;
_c21 cm.
336 _atexto
_btxt
_2rdacontent
337 _asin mediación
_bn
_2rdamedia
338 _avolumen
_bnc
_2rdacarrier
590 _aInventariado, 2021/BT
650 7 _aCuentos dominicanos
_2LEMB
650 7 _aLiteratura dominicana
_2LEMB
910 _aBtavárez
942 _2ddc
_cLBS1
999 _c50623
_d50623